00814 2200241 4500001002100000005001700021008004100038020001800079035002400097040001200121082001000133090001700143100002200160245018200182260003900364300003000403500005100433650002500484700001600509700002000525850001200545990001500557YOGYA-0209000000623620090227020859.0 ind  a979-694-221-6 0010-020900000006236 aYOPDYOG a133.8 a133.8bHew P aHEWITT, William W aPsychic development for beginnersbpetunjuk praktis dan teruji untuk menggunakan komponen indra ke enam andacWillam W. Hewitt ; alih bahasa, Frans Kowa ; editor, Ponco Sulistyo aJakartabBhuana Ilmu Populerc2003 axvi, 222 hlmbilusc21 cm aJudul asli : Psychic development for beginners aPsikoloi-Kepribadian aKowa, Frans aSulistyo, Ponco aYOPDYOG a03P0004449